| 000 | 00412nam a22001457a 4500 | ||
|---|---|---|---|
| 082 | _aP-103 | ||
| 100 |
_aSyn 7 _947788 |
||
| 245 | _aTo Study the Design and Performance of Waffle Slab | ||
| 260 |
_aRisalpur _bMilitary College of Engineering Risalpur _c20-10-2008 |
||
| 300 |
_a64 p. : _bill. ; |
||
| 526 |
_a0 _b0 _c0 _dP_103 |
||
| 650 | _aProject | ||
| 700 |
_aKhaliq ur Rashid Kayani _947789 |
||
| 942 |
_2ddc _cBK |
||
| 999 |
_c550925 _d550925 |
||